000 00538nam a22001577a 4500
999 _c534877
_d534877
020 _qHard Cover.
082 _a621.3678
100 _aMuhammad Waqar, Mirza
245 _aGeoreferencing of Images by Exploiting Geometric Distortions in Stereo Images of UK DMC /
_cMirza Muhammad Waqar.
260 _aIslamabad :
_bIGIS - NUST,
_c2012.
300 _axiv, 85 p. : ill. :
_c30cm.
942 _2ddc
_cTHE
650 _aMS Thesis GIS & RS
_929262
700 _aDr. Rafia Mumtaz.
_929059